Производство циклогексанона и адипиновой кислоты окислением циклогексана

Detalles Bibliográficos
Outros autores: Фурман М. С. (редактор), Гольдман А. М.
Idioma:ruso
Publicado: Москва, Химия, 1967
Subjects:
Formato: Libro
KOHA link:https://koha.lib.tpu.ru/cgi-bin/koha/opac-detail.pl?biblionumber=61069

MARC

LEADER 00000nam0a2200000 4500
001 61069
005 20231031062331.0
035 |a (RuTPU)RU\TPU\book\64599 
090 |a 61069 
100 |a 20040302d1967 km y0rusy50 ca 
101 0 |a rus 
102 |a RU 
105 |a a z 001zy 
200 1 |a Производство циклогексанона и адипиновой кислоты окислением циклогексана  |f Под ред. М. С. Фурмана, А. М. Гольдмана 
210 |a Москва  |c Химия  |d 1967 
215 |a 240 с.  |c ил. 
320 |a Библиография в конце частей. 
320 |a Предметный указатель: с. 238-240. 
610 1 |a циклогексанол 
610 1 |a производство 
610 1 |a окисление 
610 1 |a кислоты 
610 1 |a полимеры 
675 |a 661.7  |v 3 
702 1 |a Фурман  |b М. С.  |4 340 
702 1 |a Гольдман  |b А. М.  |4 340 
801 1 |a RU  |b 63413507  |c 20040302  |g PSBO 
801 2 |a RU  |b 63413507  |c 20160511  |g PSBO 
942 |c BK